00442 2200169 4500001002100000005001500021008004100036035001900077041000700096082000800103090001400111100003500125245004800160260003300208300002000241650001100261INLIS00000000001422920241224114714241224||||||||| | ||| |||| || |  0010-1224014229 aid0 a392 a392 RAJ b0 aIdrus Hakimy DT. Rajo Penghulu00aBUKU PEGANGAN BUNDO KANDUANG DI MINANGKABAU aBandungbRosda Bandungc1978 a54hlm;14.5x21cm 0apolkor